书目信息 |
| 题名: |
黄酮化学
|
|
| 作者: | 张培成 主编 | |
| 分册: | ||
| 出版信息: | 北京 化学工业出版社 2009.01 |
|
| 页数: | 390页 | |
| 开本: | 26cm | |
| 丛书名: | 天然产物化学丛书 | |
| 单 册: | ||
| 中图分类: | O626.31 | |
| 科图分类: | ||
| 主题词: | 黄酮类化合物--huang tong lei hua he wu--研究 | |
| 电子资源: | ||
| ISBN: | 978-7-122-03626-1 | |
| 000 | 00931nam 2200265 450 | |
| 001 | 012009612229 | |
| 005 | 20091026152726.95 | |
| 010 | @a978-7-122-03626-1@dCNY68.00 | |
| 100 | @a20091026d2009 em y0chiy0120 ea | |
| 101 | 0 | @achi |
| 102 | @aCN@b110000 | |
| 105 | @ay z 001yy | |
| 106 | @ar | |
| 200 | 1 | @a黄酮化学@Ahuang tong hua xue@f张培成主编@Fzhang pei cheng zhu bian |
| 210 | @a北京@c化学工业出版社@d2009.01 | |
| 215 | @a390页@d26cm | |
| 225 | 2 | @a天然产物化学丛书@Atian ran chan wu hua xue cong shu |
| 320 | @a有索引 | |
| 330 | @a本书内容包括:黄酮类化合物在自然界中的分布、结构分类及多样性、研究进展情况、化合物的性质、谱学特征与结构鉴定、化学与生物合成及其生物活性等。 | |
| 410 | 0 | @12001 @a天然产物化学丛书 |
| 606 | 0 | @a黄酮类化合物@Ahuang tong lei hua he wu@x研究 |
| 690 | @aO626.31@v4 | |
| 701 | 0 | @a张培成@Azhang pei cheng@4主编 |
| 801 | 0 | @aCN@bQSSK@c20091026 |
| 905 | @b764508-09@dO626.31@eZ150@f2 | |
| 黄酮化学/张培成主编.-北京:化学工业出版社,2009.01 |
| 390页;26cm.-(天然产物化学丛书) |
| ISBN 978-7-122-03626-1:CNY68.00 |
| 本书内容包括:黄酮类化合物在自然界中的分布、结构分类及多样性、研究进展情况、化合物的性质、谱学特征与结构鉴定、化学与生物合成及其生物活性等。 |
| ● |
| 相关链接 |
|
|
|
正题名:黄酮化学
索取号:O626.31/Z150
 
预约/预借
| 序号 | 登录号 | 条形码 | 馆藏地/架位号 | 状态 | 备注 |
| 1 | 764508 | 207645084 | 自科库401/401自科库 63排6列4层/ [索取号:O626.31/Z150] | 在馆 | |
| 2 | 764509 | 207645093 | 自科库401/401自科库 63排6列4层/ [索取号:O626.31/Z150] | 在馆 |